000 00754cab a2200241 4500
001 WB2921-36
008 090401t1993 xxu||||| |||| 00| 0 eng d
035 _a(Sirsi) u42864
041 _aeng
245 _aGrampian conditions
260 _c1993
350 _a0
490 _aEstates Gazette
_v(9321) 29 May 1993, 111(1)
520 _aThe case "British Railways Board v SoS Environment" gave rise to a consideration of time limits in Grampian conditions.
650 _aEAGLE STAR INSURANCE CO LTD V SOS ENVIRONMENT
650 _aGRAMPIAN CONDITIONS
650 _aGRAMPIAN RC V CITY OF ABERDEEN DC
650 _aPLANNING CONDITIONS
650 _aREASONABLENESS
690 _aPLANNING LAW AND PRACTICE
942 _n0
948 _c04/03/1997
999 _c27418
_d27418